Golden in death (Record no. 766786)
[ view plain ]
| 000 -LEADER | |
|---|---|
| fixed length control field | 01302nam a22002057b 4500 |
| 005 - DATE AND TIME OF LATEST TRANSACTION | |
| control field | 20240827122539.0 |
| 008 - FIXED-LENGTH DATA ELEMENTS--GENERAL INFORMATION | |
| fixed length control field | 240827b sa |||||d|||| 00| 1 eng d |
| 020 ## - INTERNATIONAL STANDARD BOOK NUMBER | |
| International Standard Book Number | <a href="9781785418952">9781785418952</a> |
| Qualifying information | (pbk) |
| 040 ## - CATALOGING SOURCE | |
| Original cataloging agency | RDA |
| Transcribing agency | OCLC |
| 041 ## - LANGUAGE CODE | |
| Language | English |
| 082 ## - DEWEY DECIMAL CLASSIFICATION NUMBER | |
| Classification number | LP EF ROBB |
| 942 ## - ADDED ENTRY ELEMENTS | |
| Creator ID | 174 |
| Creator Name | Sanet Schoeman |
| Modifier ID | 174 |
| Modifier Name | Sanet Schoeman |
| 100 ## - MAIN ENTRY--PERSONAL NAME | |
| Personal name | Robb J.D |
| 245 ## - TITLE STATEMENT | |
| Title | Golden in death |
| Statement of responsibility, etc. | by J.D Robb |
| 250 ## - EDITION STATEMENT | |
| Edition statement | Standard format edition originally published: London: Piatkus. |
| 260 ## - PUBLICATION, DISTRIBUTION, ETC. | |
| Place of publication, distribution, etc. | Leicestershire; |
| Name of publisher, distributor, etc. | Isis |
| Date of publication, distribution, etc. | 2020 |
| 300 ## - PHYSICAL DESCRIPTION | |
| Extent | 444 Pages; |
| Other physical details | Large Print; |
| Dimensions | 23 cm. |
| 500 ## - GENERAL NOTE | |
| General note | Dr. Kent Abner- pediatrician, model husband and father, good neighbor- receives the package on a beautiful April morning. Inside a cheap trinket; a golden egg that can be opened into two halves. When he pries it apart, highly toxic airborne fumes enter his body- and kill him. Detective Eve Dallas and her team are called to investigate, and realise they have a real mystery on their hands. Who would want to murder such a good man, and in such a terrible way?Then a second victim is discovered, and as spring arrives in New York City, Eve finds herself in a race agains time to track down a serial killer with a motive she can't fathom and a weapon of choice which could wipe out half of Manhattan. |
| 700 ## - ADDED ENTRY--PERSONAL NAME | |
| Personal name | Nora Roberts writing as J.D. Robb. |
| Relator term | Author |
| 9 (RLIN) | 188393 |
| 942 ## - ADDED ENTRY ELEMENTS | |
| Source of classification or shelving scheme | Dewey Decimal Classification |
| item type | Book |
| Withdrawn status | Lost status | Source of classification or shelving scheme | Damaged status | Not for loan | Collection code | Home library | Current library | Shelving location | Date acquired | Cost, normal purchase price | Total Checkouts | Full call number | Barcode | Date last seen | Price effective from | item type |
|---|---|---|---|---|---|---|---|---|---|---|---|---|---|---|---|---|
| Dewey Decimal Classification | Fiction | Standerton Regional Library | Balfour | Fiction | 27.08.2024 | 305.90 | LP EF ROBB | 33228031152595 | 27.08.2024 | 27.08.2024 | Book | |||||
| Dewey Decimal Classification | Fiction | Standerton Regional Library | Bethal | Fiction | 27.08.2024 | 305.90 | LP EF ROBB | 33228031152598 | 27.08.2024 | 27.08.2024 | Book | |||||
| Dewey Decimal Classification | Fiction | Standerton Regional Library | Grootvlei | Fiction | 27.08.2024 | 305.90 | LP EF ROBB | 33228031152596 | 27.08.2024 | 27.08.2024 | Book | |||||
| Dewey Decimal Classification | Fiction | Standerton Regional Library | Kinross | Fiction | 27.08.2024 | 305.90 | LP EF ROBB | 33228031152684 | 27.08.2024 | 27.08.2024 | Book | |||||
| Dewey Decimal Classification | Fiction | Standerton Regional Library | Lebohang | Fiction | 27.08.2024 | 305.90 | LP EF ROBB | 33228031152681 | 27.08.2024 | 27.08.2024 | Book | |||||
| Dewey Decimal Classification | Fiction | Standerton Regional Library | Nthoroane | Fiction | 27.08.2024 | 305.90 | LP EF ROBB | 33228031152599 | 27.08.2024 | 27.08.2024 | Book | |||||
| Dewey Decimal Classification | Fiction | Standerton Regional Library | Secunda | Fiction | 27.08.2024 | 305.90 | LP EF ROBB | 33228031152682 | 27.08.2024 | 27.08.2024 | Book | |||||
| Dewey Decimal Classification | Fiction | Standerton Regional Library | eMbalenhle | Fiction | 27.08.2024 | 305.90 | LP EF ROBB | 33228031152685 | 27.08.2024 | 27.08.2024 | Book | |||||
| Dewey Decimal Classification | Fiction | Standerton Regional Library | eMzinoni | Fiction | 27.08.2024 | 305.90 | LP EF ROBB | 33228031152597 | 27.08.2024 | 27.08.2024 | Book |